| 000 | 00636nam a2200229Ia 4500 | ||
|---|---|---|---|
| 003 | OSt | ||
| 005 | 20220928102117.0 | ||
| 006 | a|||||r|||| 00| 0 | ||
| 007 | ta | ||
| 008 | 220927b |||||||| |||| 00| 0 eng d | ||
| 024 | _a40118 | ||
| 037 | _cTextual | ||
| 040 |
_aSDCL _cSDCL _beng |
||
| 041 |
_2eng _aeng |
||
| 082 | _aV2,3'N6, L3 | ||
| 100 |
_aSinghvi L M Ed. _9396653 |
||
| 245 | 0 | _aParliamentary committees in India | |
| 260 |
_aNew Delhi _bInstitute of Constitutional and Parliamentary Studies _c1973 |
||
| 300 |
_a143p _ccm. |
||
| 942 |
_hV2,3'N6, L3 _cTEXL _2CC |
||
| 999 |
_c712403 _d712403 |
||